000 00504nam a22001577a 4500
082 _a620.14
_bSHE
100 _aShehzad, Ahmad (330100)
_9120035
245 _aCoordinated Generation and Transmission Expansion Planning with High Proportion of Renewable Energy Penetration /
264 _aIslamabad :
_bUSPCAS-E, NUST
_cNovember, 2023.
300 _axiii, 35 p.
_e+CD
520 _aTH-540
650 _aMS ESE Thesis
650 _aMS Thesis
_918721
700 _aDr. Muhammad Yousif
942 _2ddc
_cTHE
999 _c607486
_d607486